Cultura geral - Statistics

Estatísticas Gerais
  • Esse quiz foi jogado 111 vezes
  • A pontuação média é 8 de 15
Estatísticas das Respostas
Hint Resposta % Correto
Qual é o rio mais longo do mundo? Nilo
92%
De que cidade são os Beatles? Liverpool
90%
Quantas riscas tem a bandeira dos EUA? 13
81%
Qual foi a teoria desenvolvida por Einstein? Teoria da relatividade
80%
Que artista pintou o teto da Capela Sistina em Roma? Michelangelo
77%
Que famoso compositor era surdo? Beethoven
68%
Qual é a flor nacional do Japão? Flor de cerejeira
63%
Que piloto de Fórmula 1 ganhou mais campeonatos? Michael Schumacher
57%
A francesinha é um prato típico de que país? Portugal
57%
Qual é a nacionalidade de Mozart? Austríaco
53%
Qual é o nome de um triângulo onde todos os lados são diferentes? Escaleno
51%
Qual é o país mais antigo do mundo? Etiópia
18%
Que tipo de prato é Pho? Sopa
14%
Que medo está associado á dipsofobia? Beber
3%
Qual é a empresa cinematográfica de mais longa duração na história do cinema norte-americano? Paramount Studios
0%
Nenhum quiz correspondente encontrado
Distribuição das Pontuações
Porcentagem de Pessoas com Cada Pontuação
Percentil de Números Respondidos
Sua Pontuação Histórica
Você não jogou esse quiz